| 000 -LEADER |
| fixed length control field |
00439nam a2200145Ii 4500 |
| 040 ## - CATALOGING SOURCE |
| Transcribing agency |
DDC |
| 082 ## - DEWEY DECIMAL CLASSIFICATION NUMBER |
| Classification number |
633 INT 1979 A109 Or. |
| 245 00 - TITLE STATEMENT |
| Title |
Farm-level constraints to high rice yields in Asia, 1974-77 |
| 260 ## - PUBLICATION, DISTRIBUTION, ETC. (IMPRINT) |
| Place of publication |
Los Ba©łos : |
| Name of publisher |
International Rice Research Institute, |
| Year of publication |
1979 |
| 300 ## - PHYSICAL DESCRIPTION |
| Number of Pages |
x, 411 p. : |
| Other physical details |
ill., graphs ; |
| Dimensions |
23 cm |
| 650 #0 - SUBJECT ADDED ENTRY--TOPICAL TERM |
| Topical Term |
Rice |
| 650 #0 - SUBJECT ADDED ENTRY--TOPICAL TERM |
| Topical Term |
Crop yields |
| 710 2# - ADDED ENTRY--CORPORATE NAME |
| Corporate name or jurisdiction name as entry element |
International Rice Research Institute |
| 942 ## - ADDED ENTRY ELEMENTS (KOHA) |
| Koha item type |
សៀវភៅភាសាអង់គ្លេស |
| 952 ## - LOCATION AND ITEM INFORMATION (KOHA) |
| Withdrawn status [LOCAL, KOHA] |
0 |